| 000 | 00880nam a22002297a 4500 | ||
|---|---|---|---|
| 999 |
_c12667 _d12667 |
||
| 003 | AR-CdUCM | ||
| 008 | 190409b ||||| |||| 00| 0 spa d | ||
| 040 |
_aMUNICIPALIDAD PROVINCIAL DEL CUSCO _cBIBLIOTECA MUNICIPAL DEL CUSCO |
||
| 082 |
_a371.264 / _bM781 / 1948 |
||
| 100 |
_aMontessori, Maria _930632 |
||
| 245 | _aIdeas generales sobre mi método / | ||
| 260 |
_aBuenos Aires : _bLosada, _c1948. |
||
| 300 |
_a121 páginas ; _c18 cm. |
||
| 440 |
_aBiblioteca del maestro _n20 _930633 |
||
| 505 | _aContenido: La pedagogía de María Montessori -- Ideas generales sobre mi método -- La educación y el niño -- El ambiente -- Periodos sensitivos... | ||
| 650 |
_aMétodo de enseñanza _930634 |
||
| 650 |
_aEducación inicial _93463 |
||
| 650 |
_aMontessori _930635 |
||
| 700 |
_aLuzuriaga, Lorenzo (prólogo) _930636 |
||
| 942 |
_2ddc _cLIBROS |
||
| 945 |
_adavv _d09/04/2019 |
||